\

Online professional development : (Record no. 17744)

MARC details
000 -LEADER
fixed length control field 00806cam a2200229 a 4500
001 - CONTROL NUMBER
control field a3834
003 - CONTROL NUMBER IDENTIFIER
control field SIRSI
008 - FIXED-LENGTH DATA ELEMENTS--GENERAL INFORMATION
fixed length control field 110331s2011 caua b 001 0 eng
010 ## - LIBRARY OF CONGRESS CONTROL NUMBER
LC control number 2011012968
020 ## - INTERNATIONAL STANDARD BOOK NUMBER
International Standard Book Number 9781412987127 (pbk.)
020 ## - INTERNATIONAL STANDARD BOOK NUMBER
International Standard Book Number 1412987121 (pbk.)
035 ## - SYSTEM CONTROL NUMBER
System control number (Sirsi) i9781412987127
050 00 - LIBRARY OF CONGRESS CALL NUMBER
Classification number LB1731
Item number .R615 2011
082 00 - DEWEY DECIMAL CLASSIFICATION NUMBER
Classification number 371.1
Edition information 22
100 1# - MAIN ENTRY--PERSONAL NAME
Personal name Ross, John D.
Fuller form of name (John Douglas)
245 10 - TITLE STATEMENT
Title Online professional development :
Remainder of title design, deliver, succeed! /
Statement of responsibility, etc. John D. Ross.
260 ## - PUBLICATION, DISTRIBUTION, ETC.
Place of publication, distribution, etc. Thousand Oaks, Calif. :
Name of publisher, distributor, etc. Corwin, a Joint Publication with Learning Forward,
Date of publication, distribution, etc. c2011.
300 ## - PHYSICAL DESCRIPTION
Extent xvii, 186 p. :
Other physical details ill. ;
Dimensions 28 cm.
504 ## - BIBLIOGRAPHY, ETC. NOTE
Bibliography, etc. note Includes bibliographical references and index.
650 #0 - SUBJECT ADDED ENTRY--TOPICAL TERM
Topical term or geographic name entry element Teachers
General subdivision In-service training.
650 #0 - SUBJECT ADDED ENTRY--TOPICAL TERM
Topical term or geographic name entry element Career development
General subdivision Computer-assisted instruction.
Holdings
Withdrawn status Lost status Source of classification or shelving scheme Damaged status Not for loan Collection Home library Current library Shelving location Total checkouts Full call number Barcode Date last seen Copy number Price effective from Koha item type
    Library of Congress Classification     AUE Library Collection MAIN MAIN General   LB1731 .R615 2011 10029541 03/13/2021 1 11/19/2019 Books